[Event "Göteborg Open 2017"]
[Site "Mölnlycke kulturhus, Biblioteksgatan 2, Mölnlycke, Sweden"]
[Date "2017.08.18"]
[Round "4.1"]
[White "Gritsak, Orest"]
[Black "Rosberg, Simon"]
[Result "0-1"]
[BlackElo "2318"]
[WhiteElo "2474"]
[LiveChessVersion "1.4.8"]

1. Nf3 {[%clk 0:15:07]} d5 {[%clk 0:15:09]} 2. d4 {[%clk 0:15:09]} Nf6
{[%clk 0:15:12]} 3. c4 {[%clk 0:15:12]} c6 {[%clk 0:15:16]} 4. Qb3
{[%clk 0:14:52]} dxc4 {[%clk 0:15:12]} 5. Qxc4 {[%clk 0:14:56]} Bg4
{[%clk 0:15:15]} 6. Nbd2 {[%clk 0:14:52]} e6 {[%clk 0:14:37]} 7. g3
{[%clk 0:14:45]} Nbd7 {[%clk 0:14:40]} 8. Bg2 {[%clk 0:14:48]} Be7
{[%clk 0:14:43]} 9. O-O {[%clk 0:14:35]} O-O {[%clk 0:14:46]} 10. Qb3
{[%clk 0:12:48]} Nb6 {[%clk 0:14:49]} 11. e3 {[%clk 0:12:19]} a5 {[%clk 0:13:33]}
12. Ne5 {[%clk 0:10:28]} a4 {[%clk 0:12:57]} 13. Qc2 {[%clk 0:10:08]} Bf5
{[%clk 0:12:51]} 14. e4 {[%clk 0:09:52]} Bg6 {[%clk 0:12:31]} 15. Nxg6
{[%clk 0:09:55]} hxg6 {[%clk 0:12:35]} 16. Nf3 {[%clk 0:09:57]} Nbd7
{[%clk 0:11:25]} 17. Rd1 {[%clk 0:09:50]} Qb6 {[%clk 0:11:09]} 18. Bg5
{[%clk 0:09:23]} Ra5 {[%clk 0:09:59]} 19. h4 {[%clk 0:09:22]} Re8
{[%clk 0:08:22]} 20. Nd2 {[%clk 0:09:18]} Rb5 {[%clk 0:06:58]} 21. Nc4
{[%clk 0:08:50]} Qa7 {[%clk 0:06:28]} 22. e5 {[%clk 0:08:27]} Nd5
{[%clk 0:06:30]} 23. Bxe7 {[%clk 0:08:28]} Rxe7 {[%clk 0:06:33]} 24. Nd6
{[%clk 0:08:31]} N7b6 {[%clk 0:05:15]} 25. Nxb5 {[%clk 0:08:25]} cxb5
{[%clk 0:05:18]} 26. Qc5 {[%clk 0:08:28]} Qa5 {[%clk 0:04:58]} 27. Bf1
{[%clk 0:07:57]} Rc7 {[%clk 0:04:25]} 28. Qxb5 {[%clk 0:07:59]} Qxb5
{[%clk 0:04:28]} 29. Bxb5 {[%clk 0:08:02]} Rc2 {[%clk 0:04:31]} 30. Rab1
{[%clk 0:06:23]} a3 {[%clk 0:04:35]} 31. Rdc1 {[%clk 0:06:24]} Rd2
{[%clk 0:03:34]} 32. bxa3 {[%clk 0:06:26]} Rxa2 {[%clk 0:03:27]} 33. Rb3
{[%clk 0:06:09]} Kf8 {[%clk 0:03:17]} 34. Bc4 {[%clk 0:05:42]} Nxc4
{[%clk 0:02:53]} 35. Rxc4 {[%clk 0:05:45]} b6 {[%clk 0:02:57]} 36. Rc8+
{[%clk 0:05:49]} Ke7 {[%clk 0:03:01]} 37. Rg8 {[%clk 0:05:52]} Rd2
{[%clk 0:03:01]} 38. Rxg7 {[%clk 0:05:54]} Kf8 {[%clk 0:02:56]} 39. Rh7
{[%clk 0:05:42]} Kg8 {[%clk 0:03:00]} 40. Rxf7 {[%clk 0:05:45]} Kxf7
{[%clk 0:03:04]} 41. Kg2 {[%clk 0:05:47]} Rxd4 {[%clk 0:03:06]} 42. f4
{[%clk 0:05:51]} Rc4 {[%clk 0:02:23]} 43. Rb2 {[%clk 0:05:48]} Rc2+
{[%clk 0:02:17]} 44. Rxc2 {[%clk 0:05:50]} Ne3+ {[%clk 0:02:21]} 45. Kf3
{[%clk 0:05:54]} Nxc2 {[%clk 0:02:25]} 46. a4 {[%clk 0:05:58]} Nd4+
{[%clk 0:02:28]} 47. Ke4 {[%clk 0:05:55]} Nb3 {[%clk 0:02:31]} 48. Kd3
{[%clk 0:05:43]} Nc5+ {[%clk 0:02:35]} 49. Kc4 {[%clk 0:05:47]} Nxa4
{[%clk 0:02:39]} 50. Kb5 {[%clk 0:05:52]} Nc3+ {[%clk 0:02:36]} 51. Kxb6
{[%clk 0:05:55]} Ne2 {[%clk 0:02:39]} 52. g4 {[%clk 0:05:56]} Nxf4
{[%clk 0:02:42]} 53. Kc5 {[%clk 0:06:00]} Nd3+ {[%clk 0:01:32]} 54. Kd4
{[%clk 0:06:03]} Nf2 {[%clk 0:01:32]} 55. g5 {[%clk 0:06:01]} Nh1
{[%clk 0:01:03]} 56. Ke3 {[%clk 0:06:01]} Ng3 {[%clk 0:01:07]} 57. Kf4
{[%clk 0:06:05]} Nf5 {[%clk 0:01:03]} 58. Kg4 {[%clk 0:06:09]} Ke7
{[%clk 0:00:57]} 59. h5 {[%clk 0:06:12]} gxh5+ {[%clk 0:00:59]} 60. Kxh5
{[%clk 0:06:16]} Kf7 {[%clk 0:01:00]} 61. Kg4 {[%clk 0:06:13]} Kg6
{[%clk 0:01:04]} 62. Kf4 {[%clk 0:06:17]} Kh5 {[%clk 0:01:01]} 0-1

[Event "Göteborg Open 2017"]
[Site "Mölnlycke kulturhus, Biblioteksgatan 2, Mölnlycke, Sweden"]
[Date "2017.08.18"]
[Round "4.3"]
[White "Ziegler, Ari"]
[Black "Hillarp Persson, Tiger"]
[Result "0-1"]
[BlackElo "2522"]
[WhiteElo "2318"]
[LiveChessVersion "1.4.8"]

1. e4 {[%clk 0:15:09]} g6 {[%clk 0:15:09]} 2. d4 {[%clk 0:15:13]} Bg7
{[%clk 0:15:12]} 3. Nc3 {[%clk 0:15:16]} d6 {[%clk 0:15:16]} 4. Be3
{[%clk 0:15:19]} a6 {[%clk 0:15:20]} 5. Qd2 {[%clk 0:15:18]} b5 {[%clk 0:15:23]}
6. h4 {[%clk 0:15:03]} Nf6 {[%clk 0:15:20]} 7. f3 {[%clk 0:14:49]} h6
{[%clk 0:15:08]} 8. O-O-O {[%clk 0:14:42]} Bb7 {[%clk 0:15:11]} 9. Nh3
{[%clk 0:14:40]} Nbd7 {[%clk 0:15:09]} 10. Kb1 {[%clk 0:14:22]} Nb6
{[%clk 0:15:10]} 11. Re1 {[%clk 0:13:31]} Nfd7 {[%clk 0:13:41]} 12. h5
{[%clk 0:12:33]} g5 {[%clk 0:13:42]} 13. f4 {[%clk 0:12:26]} b4 {[%clk 0:12:18]}
14. Nd5 {[%clk 0:11:22]} Nxd5 {[%clk 0:11:17]} 15. exd5 {[%clk 0:11:21]} g4
{[%clk 0:11:05]} 16. Nf2 {[%clk 0:11:06]} f5 {[%clk 0:10:55]} 17. Qxb4
{[%clk 0:10:14]} Bxd5 {[%clk 0:10:49]} 18. c4 {[%clk 0:08:25]} c5
{[%clk 0:08:10]} 19. Qa4 {[%clk 0:07:23]} cxd4 {[%clk 0:07:35]} 20. Bd2
{[%clk 0:06:47]} Bf7 {[%clk 0:05:52]} 21. Bd3 {[%clk 0:06:18]} g3
{[%clk 0:05:29]} 22. Nd1 {[%clk 0:05:56]} O-O {[%clk 0:05:31]} 23. Bxf5
{[%clk 0:05:47]} Nc5 {[%clk 0:05:33]} 24. Qc2 {[%clk 0:05:42]} Rb8
{[%clk 0:04:40]} 25. Bd3 {[%clk 0:05:39]} Nxd3 {[%clk 0:04:03]} 26. Qxd3
{[%clk 0:05:43]} Qc7 {[%clk 0:04:07]} 27. b3 {[%clk 0:04:30]} Bxc4
{[%clk 0:03:36]} 28. Qxg3 {[%clk 0:04:31]} Rfc8 {[%clk 0:02:15]} 29. Nb2
{[%clk 0:02:58]} Bxb3 {[%clk 0:02:16]} 30. axb3 {[%clk 0:02:59]} Qc2+
{[%clk 0:02:18]} 31. Ka2 {[%clk 0:03:02]} d3 {[%clk 0:01:52]} 0-1

[Event "Göteborg Open 2017"]
[Site "Mölnlycke kulturhus, Biblioteksgatan 2, Mölnlycke, Sweden"]
[Date "2017.08.18"]
[Round "4.4"]
[White "Åkesson, Joel"]
[Black "Rydström, Tom"]
[Result "1/2-1/2"]
[BlackElo "2301"]
[WhiteElo "2296"]
[LiveChessVersion "1.4.8"]

1. Nf3 {[%clk 0:15:08]} d5 {[%clk 0:15:09]} 2. d4 {[%clk 0:15:05]} Nf6
{[%clk 0:15:13]} 3. c4 {[%clk 0:15:01]} c6 {[%clk 0:15:18]} 4. e3
{[%clk 0:15:03]} Bf5 {[%clk 0:15:22]} 5. cxd5 {[%clk 0:15:01]} cxd5
{[%clk 0:15:21]} 6. Qb3 {[%clk 0:15:03]} Qb6 {[%clk 0:13:20]} 7. Qxb6
{[%clk 0:14:09]} axb6 {[%clk 0:13:24]} 8. Nc3 {[%clk 0:14:09]} Nc6
{[%clk 0:13:24]} 9. Bb5 {[%clk 0:14:08]} Bd7 {[%clk 0:12:40]} 10. Bd2
{[%clk 0:13:27]} e6 {[%clk 0:12:33]} 11. Ke2 {[%clk 0:13:00]} Bd6
{[%clk 0:12:36]} 12. a3 {[%clk 0:11:30]} Ke7 {[%clk 0:12:38]} 13. b4
{[%clk 0:10:56]} Ne4 {[%clk 0:12:18]} 14. Bd3 {[%clk 0:10:36]} f5
{[%clk 0:12:00]} 15. Nb5 {[%clk 0:10:35]} Rhc8 {[%clk 0:11:37]} 16. Nxd6
{[%clk 0:10:11]} Nxd6 {[%clk 0:11:35]} 17. Rhc1 {[%clk 0:10:07]} b5
{[%clk 0:11:40]} 18. Ne5 {[%clk 0:09:18]} Nc4 {[%clk 0:11:32]} 19. Bxc4
{[%clk 0:08:51]} bxc4 {[%clk 0:11:30]} 20. Nxc6+ {[%clk 0:07:58]} Bxc6 21. Bc3
{[%clk 0:07:50]} Bb5 {[%clk 0:11:35]} 22. Kd2 {[%clk 0:07:49]} Kf6
{[%clk 0:11:08]} 23. f4 {[%clk 0:07:20]} g5 {[%clk 0:11:08]} 24. g3
{[%clk 0:07:19]} Rg8 {[%clk 0:10:43]} 25. Bb2 {[%clk 0:07:13]} Rg6
{[%clk 0:10:36]} 26. Rg1 {[%clk 0:06:58]} Ba4 {[%clk 0:10:13]} 27. Raf1
{[%clk 0:06:04]} Rag8 {[%clk 0:10:10]} 28. Bc3 {[%clk 0:05:23]} Rh6
{[%clk 0:09:17]} 29. Rf2 {[%clk 0:05:15]} Rhg6 {[%clk 0:08:42]} 30. Rff1
{[%clk 0:05:09]} Bb3 {[%clk 0:08:38]} 31. Kc1 {[%clk 0:04:57]} Rh6
{[%clk 0:08:36]} 32. Rf2 {[%clk 0:04:57]} Ba4 {[%clk 0:08:24]} 33. Kb2
{[%clk 0:04:49]} Rh3 {[%clk 0:08:28]} 34. Bd2 {[%clk 0:04:30]} g4
{[%clk 0:07:47]} 35. Be1 {[%clk 0:04:02]} Rg6 {[%clk 0:07:41]} 36. Rd2
{[%clk 0:03:59]} Ke7 {[%clk 0:07:34]} 37. Rgg2 {[%clk 0:03:51]} Kd7
{[%clk 0:07:38]} 38. Rg1 {[%clk 0:03:44]} Kc6 {[%clk 0:07:41]} 39. Rgg2
{[%clk 0:03:46]} Kb5 {[%clk 0:07:42]} 40. Kc3 {[%clk 0:03:49]} Bb3
{[%clk 0:07:44]} 41. Kb2 {[%clk 0:03:48]} Ka4 {[%clk 0:07:47]} 42. Rg1
{[%clk 0:03:48]} Rhh6 {[%clk 0:07:14]} 43. Rgg2 {[%clk 0:03:27]} Rg8
{[%clk 0:07:18]} 44. Rde2 {[%clk 0:02:48]} Bd1 {[%clk 0:07:08]} 45. Ref2
{[%clk 0:02:51]} Bf3 {[%clk 0:07:12]} 46. Rg1 {[%clk 0:02:53]} Rh3
{[%clk 0:06:58]} 47. Bc3 {[%clk 0:02:49]} Rg6 {[%clk 0:06:38]} 48. Rc1
{[%clk 0:02:48]} Be4 {[%clk 0:06:20]} 49. Rd1 {[%clk 0:02:47]} Bf3
{[%clk 0:05:01]} 50. Rc1 {[%clk 0:02:49]} Be4 {[%clk 0:04:01]} 51. Rd1
{[%clk 0:02:52]} h5 {[%clk 0:03:51]} 52. Be1 {[%clk 0:02:35]} h4 {[%clk 0:03:31]}
53. Rfd2 {[%clk 0:02:30]} Rg7 {[%clk 0:03:35]} 54. Rc1 {[%clk 0:02:26]} Rg8
{[%clk 0:03:13]} 55. Re2 {[%clk 0:02:22]} Ra8 {[%clk 0:02:59]} 56. Rd2
{[%clk 0:02:15]} Bd3 {[%clk 0:02:47]} 57. Rc3 {[%clk 0:01:56]} Rh8
{[%clk 0:02:17]} 58. Rc1 {[%clk 0:01:58]} Be4 {[%clk 0:01:55]} 59. Re2
{[%clk 0:01:57]} Kb5 {[%clk 0:01:49]} 60. Rd2 {[%clk 0:01:54]} Rc8
{[%clk 0:01:42]} 61. Rc3 {[%clk 0:01:49]} Bf3 {[%clk 0:01:29]} 62. gxh4
{[%clk 0:01:39]} Be4 {[%clk 0:01:16]} 1/2-1/2

[Event "Göteborg Open 2017"]
[Site "Mölnlycke kulturhus, Biblioteksgatan 2, Mölnlycke, Sweden"]
[Date "2017.08.18"]
[Round "4.5"]
[White "Nilsson, Joakim"]
[Black "Tillman, Jan-Olof"]
[Result "1-0"]
[BlackElo "1896"]
[WhiteElo "2126"]
[LiveChessVersion "1.4.8"]

1. d4 {[%clk 0:15:07]} d5 {[%clk 0:15:03]} 2. c4 {[%clk 0:15:10]} c6
{[%clk 0:15:07]} 3. Nf3 {[%clk 0:15:14]} Nf6 {[%clk 0:15:10]} 4. Qc2
{[%clk 0:15:18]} g6 {[%clk 0:15:03]} 5. Bf4 {[%clk 0:15:21]} Bg7 {[%clk 0:14:58]}
6. e3 {[%clk 0:15:24]} O-O {[%clk 0:15:01]} 7. Be2 {[%clk 0:15:03]} Nbd7
{[%clk 0:14:32]} 8. h3 {[%clk 0:14:58]} dxc4 {[%clk 0:14:16]} 9. Bxc4
{[%clk 0:14:46]} Nb6 {[%clk 0:13:42]} 10. Be2 {[%clk 0:14:46]} Bf5
{[%clk 0:13:39]} 11. Qb3 {[%clk 0:14:41]} Be4 {[%clk 0:13:02]} 12. Nc3
{[%clk 0:14:38]} e6 {[%clk 0:12:59]} 13. O-O {[%clk 0:14:34]} 1-0

[Event "Göteborg Open 2017"]
[Site "Mölnlycke kulturhus, Biblioteksgatan 2, Mölnlycke, Sweden"]
[Date "2017.08.18"]
[Round "4.6"]
[White "Hattab, Hashim"]
[Black "Cardenas, William"]
[Result "1-0"]
[BlackElo "2114"]
[WhiteElo "1885"]
[LiveChessVersion "1.4.8"]

1. d4 {[%clk 0:15:07]} d5 {[%clk 0:15:06]} 2. c4 {[%clk 0:15:10]} e6
{[%clk 0:15:10]} 3. Nc3 {[%clk 0:15:13]} Be7 {[%clk 0:15:13]} 4. Nf3
{[%clk 0:15:15]} Nf6 {[%clk 0:15:16]} 5. e3 {[%clk 0:15:17]} O-O {[%clk 0:15:18]}
6. Bd3 {[%clk 0:15:18]} a6 {[%clk 0:15:00]} 7. O-O {[%clk 0:15:18]} Nbd7
{[%clk 0:14:57]} 8. Qe2 {[%clk 0:15:12]} dxc4 {[%clk 0:14:59]} 9. Bxc4
{[%clk 0:15:15]} b5 {[%clk 0:15:03]} 10. Bd3 {[%clk 0:14:50]} c5 {[%clk 0:15:05]}
11. Rd1 {[%clk 0:14:40]} Qc7 {[%clk 0:14:48]} 12. d5 {[%clk 0:13:41]} c4
{[%clk 0:14:00]} 13. Bc2 {[%clk 0:13:12]} exd5 {[%clk 0:13:38]} 14. Nxd5
{[%clk 0:12:55]} Nxd5 {[%clk 0:13:41]} 15. Rxd5 {[%clk 0:12:58]} Bb7
{[%clk 0:13:42]} 16. Rh5 {[%clk 0:12:55]} Nf6 {[%clk 0:13:05]} 17. Rg5
{[%clk 0:12:39]} h6 {[%clk 0:12:45]} 18. Rg3 {[%clk 0:12:33]} Bd6
{[%clk 0:12:08]} 19. Rh3 {[%clk 0:12:23]} Rad8 {[%clk 0:09:22]} 20. Nd4
{[%clk 0:11:35]} Be5 {[%clk 0:08:55]} 21. Nf5 {[%clk 0:11:18]} Rfe8
{[%clk 0:06:02]} 22. Rb1 {[%clk 0:10:28]} Qd7 {[%clk 0:05:09]} 23. e4
{[%clk 0:09:32]} Bxe4 {[%clk 0:02:43]} 24. Nxh6+ {[%clk 0:03:28]} gxh6
{[%clk 0:01:24]} 25. Bxh6 {[%clk 0:03:30]} Bd3 {[%clk 0:00:53]} 26. Bxd3
{[%clk 0:03:18]} Bxh2+ {[%clk 0:00:57]} 27. Kxh2 {[%clk 0:03:12]} Rxe2
{[%clk 0:00:31]} 28. Bxe2 {[%clk 0:03:16]} Qf5 {[%clk 0:00:26]} 29. Rh1
{[%clk 0:03:04]} Rd4 {[%clk 0:00:11]} 30. Be3 {[%clk 0:02:56]} Ng4+
{[%clk 0:00:06]} 31. Bxg4 {[%clk 0:02:58]} Rxg4 {[%clk 0:00:10]} 32. g3
{[%clk 0:02:52]} Rg6 {[%clk 0:00:08]} 33. Kg2 {[%clk 0:02:49]} Qe4+
{[%clk 0:00:10]} 34. Kg1 {[%clk 0:02:48]} 1-0

[Event "Göteborg Open 2017"]
[Site "Mölnlycke kulturhus, Biblioteksgatan 2, Mölnlycke, Sweden"]
[Date "2017.08.18"]
[Round "4.7"]
[White "Westergren, Bertil"]
[Black "Forsberg, Timmy"]
[Result "0-1"]
[BlackElo "2093"]
[WhiteElo "1863"]
[LiveChessVersion "1.4.8"]

1. d4 {[%clk 0:15:07]} d5 {[%clk 0:15:08]} 2. c4 {[%clk 0:15:10]} dxc4
{[%clk 0:15:11]} 3. Nc3 {[%clk 0:15:04]} a6 {[%clk 0:15:13]} 4. a4
{[%clk 0:15:02]} Nc6 {[%clk 0:14:47]} 5. e3 {[%clk 0:14:53]} Na5 {[%clk 0:14:48]}
6. Nf3 {[%clk 0:14:26]} Nf6 {[%clk 0:14:50]} 7. Ne5 {[%clk 0:14:09]} Be6
{[%clk 0:14:53]} 8. Be2 {[%clk 0:13:20]} c5 {[%clk 0:14:46]} 9. O-O
{[%clk 0:12:20]} Qc7 {[%clk 0:13:24]} 10. f4 {[%clk 0:11:23]} cxd4
{[%clk 0:12:35]} 11. exd4 {[%clk 0:11:21]} Nb3 {[%clk 0:08:27]} 12. Ra3
{[%clk 0:10:25]} Rd8 {[%clk 0:06:14]} 13. Be3 {[%clk 0:10:01]} Nd5
{[%clk 0:05:21]} 14. Nxd5 {[%clk 0:08:30]} Bxd5 {[%clk 0:05:23]} 15. Qc2
{[%clk 0:08:12]} Na5 {[%clk 0:03:59]} 16. Rc1 {[%clk 0:06:55]} e6
{[%clk 0:03:37]} 17. Rc3 {[%clk 0:05:00]} Bb4 {[%clk 0:02:56]} 18. Rxc4
{[%clk 0:04:56]} Nxc4 {[%clk 0:02:30]} 19. Nxc4 {[%clk 0:04:44]} O-O
{[%clk 0:02:12]} 20. Qd3 {[%clk 0:03:58]} Rc8 {[%clk 0:01:52]} 21. b3
{[%clk 0:03:59]} Qe7 {[%clk 0:01:48]} 22. Rf1 {[%clk 0:03:08]} b5
{[%clk 0:01:35]} 23. axb5 {[%clk 0:03:09]} axb5 {[%clk 0:01:38]} 24. Nb6
{[%clk 0:02:31]} Rc3 {[%clk 0:01:37]} 25. Nxd5 {[%clk 0:02:27]} exd5
{[%clk 0:01:38]} 0-1

[Event "Göteborg Open 2017"]
[Site "Mölnlycke kulturhus, Biblioteksgatan 2, Mölnlycke, Sweden"]
[Date "2017.08.18"]
[Round "4.8"]
[White "Rasti, Arvin"]
[Black "Eriksson, Kristian"]
[Result "1/2-1/2"]
[BlackElo "2085"]
[WhiteElo "1731"]
[LiveChessVersion "1.4.8"]

1. d4 {[%clk 0:15:08]} Nf6 {[%clk 0:15:07]} 2. c4 {[%clk 0:15:12]} e6
{[%clk 0:15:09]} 3. Nc3 {[%clk 0:15:16]} Bb4 {[%clk 0:15:11]} 4. Qc2
{[%clk 0:15:20]} Nc6 {[%clk 0:14:58]} 5. Nf3 {[%clk 0:15:22]} d6 {[%clk 0:14:55]}
6. Bg5 {[%clk 0:14:52]} h6 {[%clk 0:14:29]} 7. Bd2 {[%clk 0:13:55]} O-O
{[%clk 0:13:33]} 8. Rd1 {[%clk 0:13:08]} Qe7 {[%clk 0:13:26]} 9. a3
{[%clk 0:11:38]} Bxc3 {[%clk 0:13:28]} 10. Bxc3 {[%clk 0:11:43]} e5
{[%clk 0:13:15]} 11. dxe5 {[%clk 0:09:48]} Nxe5 {[%clk 0:12:11]} 12. Nxe5
{[%clk 0:09:34]} dxe5 {[%clk 0:12:14]} 13. e4 {[%clk 0:09:26]} Bg4
{[%clk 0:11:30]} 14. f3 {[%clk 0:09:24]} Bd7 {[%clk 0:11:18]} 15. Be2
{[%clk 0:09:04]} a5 {[%clk 0:11:08]} 16. O-O {[%clk 0:08:57]} a4 {[%clk 0:10:59]}
17. Rd2 {[%clk 0:08:32]} Rfe8 {[%clk 0:09:30]} 18. Rfd1 {[%clk 0:08:26]} Bc6
{[%clk 0:09:22]} 19. Bb4 {[%clk 0:07:57]} Qe6 {[%clk 0:09:17]} 20. c5
{[%clk 0:06:58]} Nh5 {[%clk 0:09:12]} 21. Bc4 {[%clk 0:06:35]} Qg6
{[%clk 0:09:06]} 22. Qc3 {[%clk 0:04:52]} Nf4 {[%clk 0:08:26]} 23. Qe3
{[%clk 0:04:17]} Qg5 {[%clk 0:06:11]} 24. Kh1 {[%clk 0:02:56]} Qh5
{[%clk 0:06:11]} 25. Bd5 {[%clk 0:02:31]} Qg6 {[%clk 0:05:02]} 26. Bc3
{[%clk 0:01:56]} Kh7 {[%clk 0:04:16]} 27. Bxe5 {[%clk 0:01:28]} Nxd5
{[%clk 0:03:01]} 28. exd5 {[%clk 0:01:32]} f6 {[%clk 0:02:38]} 29. dxc6
{[%clk 0:01:26]} Rxe5 {[%clk 0:02:37]} 30. cxb7 {[%clk 0:01:13]} Rb8
{[%clk 0:02:02]} 31. Qd4 {[%clk 0:01:05]} Rxb7 {[%clk 0:01:58]} 32. Qxa4
{[%clk 0:00:51]} Rxc5 {[%clk 0:01:56]} 33. Qe4 {[%clk 0:00:32]} Qxe4
{[%clk 0:01:40]} 34. fxe4 {[%clk 0:00:37]} Re5 {[%clk 0:01:35]} 35. Re1
{[%clk 0:00:17]} f5 {[%clk 0:01:26]} 36. Kg1 {[%clk 0:00:22]} fxe4
{[%clk 0:01:26]} 37. Kf2 {[%clk 0:00:22]} c5 {[%clk 0:01:21]} 38. Ke3
{[%clk 0:00:20]} Re6 {[%clk 0:00:43]} 39. Rc1 {[%clk 0:00:15]} Rb5
{[%clk 0:00:31]} 40. Rc4 {[%clk 0:00:15]} g5 {[%clk 0:00:29]} 41. Rxe4
{[%clk 0:00:13]} Rb3+ {[%clk 0:00:33]} 42. Rd3 {[%clk 0:00:10]} Rxe4+
{[%clk 0:00:29]} 43. Kxe4 {[%clk 0:00:14]} Rxb2 {[%clk 0:00:33]} 44. Kf3
{[%clk 0:00:13]} c4 {[%clk 0:00:33]} 45. Rd7+ {[%clk 0:00:12]} Kg6
{[%clk 0:00:36]} 46. Rd6+ {[%clk 0:00:15]} Kg7 {[%clk 0:00:39]} 47. Rc6
{[%clk 0:00:15]} Rb3+ {[%clk 0:00:42]} 48. Kg4 {[%clk 0:00:13]} Rxa3
{[%clk 0:00:41]} 49. Rxc4 {[%clk 0:00:17]} Ra2 {[%clk 0:00:33]} 50. Kf3
{[%clk 0:00:17]} Kg6 {[%clk 0:00:36]} 51. h4 {[%clk 0:00:15]} gxh4
{[%clk 0:00:36]} 52. Rxh4 {[%clk 0:00:19]} Ra3+ {[%clk 0:00:37]} 53. Kf2
{[%clk 0:00:19]} Ra2+ {[%clk 0:00:40]} 54. Kg3 {[%clk 0:00:23]} Ra3+
{[%clk 0:00:44]} 55. Kh2 {[%clk 0:00:26]} Kg5 {[%clk 0:00:47]} 56. Rb4
{[%clk 0:00:30]} h5 {[%clk 0:00:48]} 57. g3 {[%clk 0:00:25]} Kf5 {[%clk 0:00:48]}
58. Kh3 {[%clk 0:00:22]} Kg5 {[%clk 0:00:46]} 59. Rb5+ {[%clk 0:00:20]} Kg6
{[%clk 0:00:49]} 60. Kg2 {[%clk 0:00:15]} Rc3 {[%clk 0:00:40]} 61. Rb4
{[%clk 0:00:17]} Kg5 {[%clk 0:00:42]} 62. Kf2 {[%clk 0:00:17]} Ra3
{[%clk 0:00:42]} 63. Re4 {[%clk 0:00:13]} Ra2+ {[%clk 0:00:43]} 64. Ke3
{[%clk 0:00:08]} Ra3+ {[%clk 0:00:47]} 65. Kf2 {[%clk 0:00:11]} Ra2+
{[%clk 0:00:51]} 66. Kf3 {[%clk 0:00:11]} Ra3+ {[%clk 0:00:55]} 67. Kg2
{[%clk 0:00:14]} Kf5 {[%clk 0:00:49]} 68. Rb4 {[%clk 0:00:18]} Kg5
{[%clk 0:00:50]} 69. Rc4 {[%clk 0:00:19]} Kf5 {[%clk 0:00:52]} 70. Kh3
{[%clk 0:00:19]} Ra1 {[%clk 0:00:46]} 71. Rc3 {[%clk 0:00:14]} Rh1+
{[%clk 0:00:46]} 72. Kg2 {[%clk 0:00:17]} Ra1 {[%clk 0:00:48]} 73. Kf3
{[%clk 0:00:18]} Ra5 {[%clk 0:00:47]} 74. Ke3 {[%clk 0:00:15]} Kg4
{[%clk 0:00:47]} 75. Kf2 {[%clk 0:00:13]} Ra2+ {[%clk 0:00:46]} 76. Kg1
{[%clk 0:00:07]} h4 {[%clk 0:00:45]} 77. gxh4 Kxh4 {[%clk 0:00:45]} 1/2-1/2

[Event "Göteborg Open 2017"]
[Site "Mölnlycke kulturhus, Biblioteksgatan 2, Mölnlycke, Sweden"]
[Date "2017.08.18"]
[Round "4.9"]
[White "Outgajjouft, Said"]
[Black "Andersson, Stig"]
[Result "1/2-1/2"]
[BlackElo "1871"]
[WhiteElo "2026"]
[LiveChessVersion "1.4.8"]

1. e4 {[%clk 0:15:09]} e5 {[%clk 0:15:07]} 2. Nf3 {[%clk 0:15:12]} Nc6
{[%clk 0:15:11]} 3. d4 {[%clk 0:15:16]} exd4 {[%clk 0:15:12]} 4. Bc4
{[%clk 0:15:20]} Be7 {[%clk 0:15:12]} 5. Nxd4 {[%clk 0:15:04]} Nf6
{[%clk 0:14:24]} 6. Nc3 {[%clk 0:13:39]} O-O {[%clk 0:14:24]} 7. Nf5
{[%clk 0:12:21]} Bb4 {[%clk 0:11:02]} 8. O-O {[%clk 0:06:05]} d6 {[%clk 0:07:47]}
9. Ng3 {[%clk 0:05:28]} Bg4 {[%clk 0:07:22]} 10. f3 {[%clk 0:05:22]} Bc5+
{[%clk 0:07:15]} 11. Kh1 {[%clk 0:05:26]} Be6 {[%clk 0:07:18]} 12. Nd5
{[%clk 0:05:30]} Bxd5 {[%clk 0:06:55]} 13. exd5 {[%clk 0:05:17]} Ne5
{[%clk 0:06:04]} 14. Bb3 {[%clk 0:05:16]} b5 {[%clk 0:05:50]} 15. Bg5
{[%clk 0:04:53]} a5 {[%clk 0:05:39]} 16. c3 {[%clk 0:04:57]} h6 {[%clk 0:05:41]}
17. Bc1 {[%clk 0:04:54]} Re8 {[%clk 0:05:33]} 18. Nf5 {[%clk 0:04:47]} h5
{[%clk 0:04:28]} 19. Bg5 {[%clk 0:04:35]} Ned7 {[%clk 0:04:31]} 20. Re1
{[%clk 0:04:18]} Re5 {[%clk 0:04:20]} 21. Rxe5 {[%clk 0:04:06]} Nxe5
{[%clk 0:04:03]} 22. Qe1 {[%clk 0:04:01]} Nd3 {[%clk 0:03:25]} 23. Qh4
{[%clk 0:03:00]} Bf2 {[%clk 0:02:34]} 24. g3 {[%clk 0:02:45]} Ne5
{[%clk 0:02:30]} 25. Kg2 {[%clk 0:02:46]} Bc5 {[%clk 0:02:25]} 26. Re1
{[%clk 0:02:01]} Ng6 {[%clk 0:02:28]} 27. Qh3 {[%clk 0:02:03]} Qf8
{[%clk 0:02:14]} 28. Bxf6 {[%clk 0:02:02]} gxf6 {[%clk 0:02:13]} 29. Qxh5
{[%clk 0:02:06]} Re8 {[%clk 0:02:02]} 30. Rxe8 {[%clk 0:01:56]} Qxe8
{[%clk 0:02:02]} 31. Qh6 {[%clk 0:01:59]} Qe2+ {[%clk 0:01:57]} 32. Kh3
{[%clk 0:02:02]} Qf1+ {[%clk 0:01:59]} 33. Kg4 {[%clk 0:02:01]} Ne5+
{[%clk 0:02:00]} 34. Kf4 {[%clk 0:01:48]} Qc1+ {[%clk 0:01:46]} 35. Ke4
{[%clk 0:01:52]} Qe1+ {[%clk 0:01:38]} 36. Kf4 {[%clk 0:01:56]} Qc1+
{[%clk 0:01:42]} 37. Ke4 {[%clk 0:02:00]} Qe1+ {[%clk 0:01:43]} 38. Kf4
{[%clk 0:02:04]} Qc1+ {[%clk 0:01:46]} 39. Ke4 {[%clk 0:02:08]} Qe1+ 1/2-1/2